Psychologický slovník

Enregistré dans:
Détails bibliographiques
Auteur principal: Hartl, Pavel
Autres auteurs: Hartlová, Helena
Format: Livre
Langue:tchèque
Publié: Praha Portál 2000
Sujets:
Tags: Ajouter un tag
Pas de tags, Soyez le premier à ajouter un tag!

MARC

LEADER 00000nam a2200000 4500
001 c123160
005 20221108083508.7
041 0 |a cze 
044 |a CZ 
245 1 0 |a Psychologický slovník  |c Pavel Hartl, Helena Hartlová 
264 1 |a Praha  |b Portál  |c 2000 
300 |a 774 s. 
610 2 0 |a psychológia 
610 2 0 |a osobnosť 
100 1 |a Hartl, Pavel 
700 1 |a Hartlová, Helena